| 000 | 01237cam a2200229 4500 | ||
|---|---|---|---|
| 001 | ##L135451 | ||
| 008 | 060704n2006 000 0 eng u | ||
| 035 | _a(Sirsi) u135451 | ||
| 041 | 0 | _aeng | |
| 110 | 2 |
_aCB Richard Ellis _93675 |
|
| 245 | 0 | 0 |
_aCBRE UK prime rent and yield monitor _bThird Quarter 2006 |
| 260 |
_aLondon _bCBRE _c2006 |
||
| 490 | 0 |
_aCB Richard Ellis UK Prime Rent and Yield Monitor _vthird quarter 2006 |
|
| 505 | 2 | _aRetail -- Offices -- Industrial -- Prime rents and yields summary -- All property annual rental growth and yields | |
| 520 | _aThe all property average prime rent rose 1% in the thris quarter of 2006. All property rental growth stands at 3.9%. Retail rental growth continued to ease, with high street shops recording quarterly growth of only 0.3%. In the office sector, prime rents rose 2% over the quarter and rental growth in the industrial sector picked up slightly to 1.5% in the third quarter. | ||
| 590 | _aIKA311006 NTK | ||
| 650 | 2 | 4 | _aCB RICHARD ELLIS UK PRIME RENT AND YIELD INDEX |
| 651 | 4 |
_aUnited Kingdom _y |
|
| 690 | _aPROPERTY-COMMERCIAL PROPERTY-COMMERCIAL PROPERTY MARKET | ||
| 856 | 4 | 0 |
_uhttps://www.cbre.com/ _zView the item free of charge at www.cbre.com... |
| 942 | _n0 | ||
| 999 |
_c106067 _d106067 |
||